Statystyki dla Złote karty Anglików w EA FC 24

Kliknij tutaj aby rozwiązać quiz!

Ogólne statystyki

  • Ten quiz został rozwiązany 24 razy
  • Średni wynik to 51 z 108

Statystyki odpowiedzi

OverallZawodnik% Poprawnych
90Harry Kane
100%
79Harry Maguire
94%
86Jude Bellingham
94%
86Trent Alexander-Arnold
94%
85
Phil Foden
88%
84Kyle Walker
88%
86Bukayo Saka
82%
85Jack Grealish
82%
82Jordan Pickford
82%
79Dean Henderson
76%
85Declan Rice
76%
85John Stones
76%
80Jordan Henderson
76%
85Kieran Trippier
76%
85Marcus Rashford
76%
84Reece James
76%
80Aaron Wan-Bissaka
71%
80Ben White
71%
84Chris Smalling
71%
78Jamie Vardy
71%
83Luke Shaw
71%
77Morgan Gibbs-White
71%
84Nick Pope
71%
83Raheem Sterling
71%
84Aaron Ramsdale
65%
81Ben Chilwell
65%
78Conor Gallagher
65%
77Curtis Jones
65%
77Eric Dier
65%
84Fikayo Tomori
65%
79Joe Gomez
65%
79Eberechi Eze
59%
79Ezri Konsa
59%
77James Milner
59%
79James Tarkowski
59%
79Kalvin Phillips
59%
75Anthony Gordon
53%
76Ashley Young
53%
77Dominic Calvert-Lewin
53%
78Emile Smith-Rowe
53%
82Jadon Sancho
53%
78James Ward-Prowse
53%
79Jarrod Bowen
53%
77Ruben Loftus-Cheek
53%
80Tammy Abraham
53%
76Adam Lallana
47%
83Callum Wilson
47%
76Conor Coady
47%
77Craig Dawson
47%
79Dan Burn
47%
75Eddie Nketiah
47%
81Lewis Dunk
47%
78Marc Guehi
47%
81Mason Mount
47%
80Ollie Watkins
47%
76Sam Johnstone
47%
78Sean Longstaff
47%
77Aaron Cresswell
41%
79Ben Mee
41%
77Harvey Eliott
41%
78Jacob Ramsey
41%
76Kiernan Dewsbury-Hall
41%
75Ben Godfrey
35%
75Callum Hudson-Odoi
35%
75Dele Alli
35%
76Dwight McNeil
35%
78James Tavernier
35%
75Marcus Tavernier
35%
77Michael Keane
35%
78Rico Henry
35%
76Ryan Kent
35%
75Ryan Sessegnon
35%
76Stephy Mavididi
35%
76Tyrick Mitchell
35%
79Tyrone Mings
35%
76Chuba Akpom
29%
76Danny Welbeck
29%
75Dominic Solanke
29%
76Fraser Forster
29%
80Harvey Barnes
29%
76Jack Harrison
29%
76Jacob Murphy
29%
75Jamaal Lascelles
29%
75Josh Brownhill
29%
80Marcus Edwards
29%
79Solly March
29%
78Adam Webster
24%
76Harrison Reed
24%
76James Justin
24%
76Matt Targett
24%
76Max Kilman
24%
77Noni Madueke
24%
77Oliver Skipp
24%
75Patrick Bamford
24%
75Ryan Yates
24%
77Danny Ings
18%
75Jonjo Shelvey
18%
78Joseph Willock
18%
77Nathan Redmond
18%
76Rob Holding
18%
75Wes Foderingham
18%
75Connor Goldson
12%
76Kyle Walker-Peters
12%
77Tosin Adarabioyo
12%
77Trevor Chalobah
12%
75Todd Cantwell
6%
76Angel Gomis
0%
75Jed Wallace
0%

Rozkład punktacji

Percentyl według liczby udzielonych odpowiedzi

Procent ludzi z każdym wynikiem

Twoja historia wyników

Nie rozwiązałeś tego quizu